000
00458nam a2200169Ia 4500
008
090711s9999 xx 000 0 und d
082
_b
58276
100
_a
लेले वि. गं.
245
_a
कळस
260
_b
विश्वमंगल प्रकाशन
_c
1950
300
_a
106
600
_a
लेले वि. गं.
630
_a
कळस
700
_a
लेले वि. गं.
730
_a
कळस
942
_c
BOOK
999
_c
319667
_d
319667